Slovensko-anglický frazeologický slovník

Bibliographic Details
Main Author: Kvetko, Pavol, 1940- (Author)
Format: Book
Language:Slovak
English
PhysicalDescription:345 strán 22 cm
Published: Trnava Univerzita sv. Cyrila a Metoda v Trnave 2021
ISBN:9788057201175
Edition:Vydanie: prvé
Subjects:

MARC

LEADER 00000cam a2200000 4500
001 vtls012060843
003 SK-MaSNL
005 20260426003816.0
008 240226s2021 xo grdn 000 0 slo
015 |a SNBA2022/2 
020 |a 9788057201175  |q (viazané) 
040 |a SNK  |b slo  |c SNK  |e rda 
041 0 |a slo  |a eng 
044 |a xo  |c SK 
072 7 |a 81  |x Lingvistika. Jazyky  |2 konspekt 
080 |a 811.162.4  |2 2011 
080 |a 811.111  |2 2011 
080 |a 81`373.7  |2 2011 
080 |a 81`373.72  |2 2011 
080 |a (038)81  |2 2011 
100 1 |a Kvetko, Pavol,  |d 1940-  |4 aut  |9 11033 
245 1 0 |a Slovensko-anglický frazeologický slovník  |c Pavol Kvetko 
246 3 1 |a Slovak-English Translation Dictionary of Idioms 
250 |a Vydanie: prvé 
264 1 |a Trnava  |b Univerzita sv. Cyrila a Metoda v Trnave  |c 2021 
300 |a 345 strán  |c 22 cm 
336 |a text  |b txt  |2 rdacontent 
337 |a bez média  |b n  |2 rdamedia 
338 |a zväzok  |b nc  |2 rdacarrier 
366 |e 200 kusov 
500 |a Obsahuje zoznam skratiek a značiek 
504 |a Bibliografia na strane 343-344 
650 0 7 |a slovenčina  |2 SNKPH  |9 1350 
650 0 7 |a frazeológia  |2 SNKPH  |9 1507 
650 0 7 |a idiómy  |2 SNKPH  |9 1506 
650 0 7 |a angličtina  |2 SNKPH  |9 1260 
650 0 7 |a Slovak language  |2 SNKPHeng  |9 266031 
650 0 7 |a English language  |2 SNKPHeng  |9 279139 
650 0 7 |a Phraseology  |2 SNKPHeng  |9 283772 
650 0 7 |a Idioms  |2 SNKPHeng  |9 316566 
655 7 |a terminologické slovníky  |2 SNKPH  |9 70504 
655 7 |a jazykové slovníky  |2 SNKPH  |9 70525 
655 7 |a Terminological dictionaries  |2 SNKPHeng  |9 90728 
655 7 |a Language dictionaries  |2 SNKPHeng  |9 301375 
852 |a Štátna vedecká knižnica v Banskej Bystrici 
919 |a 978-80-572-0117-5 
958 |a NB 
999 |c 955751  |d 957681 
952 |a SNK  |b SNK  |y PREZ  |7 0  |p 17A1466675  |o snkSC 194760  |i snk2021/15429  |8 0  |0 0  |1 0  |4 0  |d 2021-10-13  |f 1  |l 0  |r 2025-10-14 00:00:00  |w 2026-02-24